Diccionario italiano-Español = Dizionario Spagnuolo-Italiano / (Record no. 131069)

MARC details
000 -CABECERA
campo de control de longitud fija 00654nam a2200205 a 4500
005 - FECHA Y HORA DE LA ÚLTIMA TRANSACCIÓN
campo de control 20210219160118.0
008 - ELEMENTOS DE LONGITUD FIJA--INFORMACIÓN GENERAL
campo de control de longitud fija 080804s1980 mx r 000 0 spa d
020 ## - NÚMERO INTERNACIONAL NORMALIZADO PARA LIBROS
Número Internacional Estándar del Libro 8471830450
035 ## - NÚMERO DE CONTROL DEL SISTEMA
Número de control de sistema UPN01000158955
049 ## - COLECCIÓN
Colección UNE
080 ## - NÚMERO DE CLASIFICACIÓN DECIMAL UNIVERSAL
Número de la Clasificación Decimal Universal OC 030.8: 801.323. 2=50 =60 1980ORT.
100 1# - ASIENTO PRINCIPAL--NOMBRE PERSONAL
Nombre de persona Ortiz de Burgos, José
245 10 - MENCIÓN DE TÍTULO
Título Diccionario italiano-Español = Dizionario Spagnuolo-Italiano /
Mención de responsabilidad, etc. José Ortiz de Burgos.
250 ## - MENCIÓN DE EDICIÓN
Mención de edición 18a ed.
260 ## - PUBLICACIÓN, DISTRIBUCIÓN, ETC.
Lugar de publicación, distribución, etc. España :
Nombre del editor, distribuidor, etc. HYMSA,
Fecha de publicación, distribución, etc. 1980.
690 ## - PUNTO DE ACCESO ADICIONAL DE MATERIA LOCAL--TÉRMINO DE MATERIA (OCLC, RLIN)
Término de materia o nombre geográfico como elemento inicial Diccionarios - Italiano - Español
690 ## - PUNTO DE ACCESO ADICIONAL DE MATERIA LOCAL--TÉRMINO DE MATERIA (OCLC, RLIN)
Término de materia o nombre geográfico como elemento inicial Italiano - Español - Diccionarios
690 ## - PUNTO DE ACCESO ADICIONAL DE MATERIA LOCAL--TÉRMINO DE MATERIA (OCLC, RLIN)
Término de materia o nombre geográfico como elemento inicial Español - Italiano - Diccionarios
905 ## - TIPO DE MATERIAL
Tipo de material UNESCO

No items available.